000 00520nam a2200205Ia 4500
005 20240823061050.0
008 240823s9999||||xx |||||||||||||| ||und||
020 _a3540672710
041 _aENGLISH
082 _A620.11 P1
100 _a"Inoue,A"
245 0 _a"Amorphous and Nanocrystalline Materials:Preparation,Properties,and Applications"
250 _a1st
260 _c2011
_bSpr
500 _aTRANSFERED
650 _aNano
_bNano Technology
700 _a"Hashimoto,K"
942 _cBK
999 _c232628
_d232628